|
|
|
|
| LEADER |
00000caa a2200000 c 4500 |
| 001 |
1179025954 |
| 003 |
DE-627 |
| 005 |
20220525103658.0 |
| 007 |
tu |
| 008 |
040112s2003 xx ||||| 00| ||ger c |
| 020 |
|
|
|a 342811390X
|
| 035 |
|
|
|a (DE-627)1179025954
|
| 035 |
|
|
|a (DE-576)109025954
|
| 035 |
|
|
|a (DE-599)BSZ109025954
|
| 040 |
|
|
|a DE-627
|b ger
|c DE-627
|e rakwb
|
| 041 |
|
|
|a ger
|
| 100 |
1 |
|
|a Bliesener, Thomas
|d 1958-
|0 (DE-588)136096913
|0 (DE-627)574704809
|0 (DE-576)186130589
|4 aut
|
| 109 |
|
|
|a Bliesener, Thomas 1958-
|
| 245 |
1 |
0 |
|a Aktuelle psychologische Ansätze zur Erklärung aggressiven und gewalttätigen Verhaltens
|c von Thomas Bliesener
|
| 264 |
|
1 |
|c 2003
|
| 300 |
|
|
|a S. [139] - 156
|
| 336 |
|
|
|a Text
|b txt
|2 rdacontent
|
| 337 |
|
|
|a ohne Hilfsmittel zu benutzen
|b n
|2 rdamedia
|
| 338 |
|
|
|a Band
|b nc
|2 rdacarrier
|
| 773 |
0 |
8 |
|i In
|t Jus humanum
|d Berlin : Duncker und Humblot, 2003
|g (2003), Seite [139] - 156
|h 872 S.
|w (DE-627)376348941
|w (DE-576)109018583
|z 342811390X
|7 nnam
|
| 773 |
1 |
8 |
|g year:2003
|g pages:[139] - 156
|
| 935 |
|
|
|a mkri
|
| 951 |
|
|
|a AR
|
| ELC |
|
|
|b 1
|
| LOK |
|
|
|0 000 xxxxxcx a22 zn 4500
|
| LOK |
|
|
|0 001 2435722214
|
| LOK |
|
|
|0 003 DE-627
|
| LOK |
|
|
|0 004 1179025954
|
| LOK |
|
|
|0 005 20100508160726
|
| LOK |
|
|
|0 008 040112||||||||||||||||ger|||||||
|
| LOK |
|
|
|0 040
|a DE-21-24
|c DE-627
|d DE-21-24
|
| LOK |
|
|
|0 689
|a s
|a Aggressivität (Psychologie)
|
| LOK |
|
|
|0 852
|a DE-21-24
|
| LOK |
|
|
|0 852 1
|c In: J,IVa,151
|m p
|9 00
|
| LOK |
|
|
|0 935
|a uwfe
|
| LOK |
|
|
|0 936ln
|a In: J,IVa,
|
| LOK |
|
|
|0 938
|k p
|
| LOK |
|
|
|0 939
|a 12-01-04
|b l01
|
| LOK |
|
|
|0 000 xxxxxcx a22 zn 4500
|
| LOK |
|
|
|0 001 2899473964
|
| LOK |
|
|
|0 003 DE-627
|
| LOK |
|
|
|0 004 1179025954
|
| LOK |
|
|
|0 005 20260119141145
|
| LOK |
|
|
|0 008 160208||||||||||||||||ger|||||||
|
| LOK |
|
|
|0 040
|a DE-21-110
|c DE-627
|d DE-21-110
|
| LOK |
|
|
|0 689
|a s
|a Aggression
|
| LOK |
|
|
|0 689
|a s
|a Lerntheorien
|
| LOK |
|
|
|0 689
|a s
|a Gewaltbereitschaft
|
| LOK |
|
|
|0 689
|a s
|a Gleichaltrigengruppe
|
| LOK |
|
|
|0 689
|a s
|a Mediengewalt
|
| LOK |
|
|
|0 689
|a s
|a Entwicklungspsychopathologie
|
| LOK |
|
|
|0 689
|a s
|a Risikofaktoren
|
| LOK |
|
|
|0 852
|a DE-21-110
|
| LOK |
|
|
|0 852 1
|m p
|9 00
|
| LOK |
|
|
|0 935
|a k110
|
| LOK |
|
|
|0 938
|k p
|
| LOK |
|
|
|0 939
|a 08-02-16
|b l01
|
| ORI |
|
|
|a SA-MARC-krimdoka001.raw
|